Sports Quiz

Random Sports Quiz

South Florida Sports Leaders Since 2000 Quiz Stats

 Plays Quiz not verified by Sporcle

Challenge
Share
Tweet
Embed
Score 0/160 Timer 12:00
0 Plays Today
Hint Answer % Correct
Passing YardsRyan Tannehill
96.2%
Rushing YardsRyan Tannehill
96.2%
Approximate ValueRyan Tannehill
96.2%
Points (NBA)Dwyane Wade
96.2%
Points (NBA)LeBron James
96.2%
ReboundsDwyane Wade
96.2%
ReboundsLeBron James
96.2%
Assists (NBA)Dwyane Wade
96.2%
Assists (NBA)LeBron James
96.2%
Win SharesDwyane Wade
96.2%
Win SharesLeBron James
96.2%
Rushing YardsRicky Williams
92.3%
Approximate ValueRicky Williams
92.3%
Points (NBA)Chris Bosh
92.3%
ReboundsChris Bosh
92.3%
Assists (NBA)Chris Bosh
92.3%
Win SharesChris Bosh
92.3%
Assists (NBA)Jason Williams
88.5%
HitsGiancarlo Stanton
88.5%
Home RunsGiancarlo Stanton
88.5%
WAR (Baseball-Reference)Giancarlo Stanton
88.5%
Passing YardsJay Fiedler
80.8%
Rushing YardsRonnie Brown
80.8%
Wins (MLB)Jose Fernandez
80.8%
Passing YardsChad Henne
76.9%
Passing YardsChad Pennington
76.9%
Receiving YardsJarvis Landry
73.1%
Approximate ValueCameron Wake
73.1%
Points (NBA)Udonis Haslem
73.1%
ReboundsUdonis Haslem
73.1%
Assists (NBA)Udonis Haslem
73.1%
Win SharesUdonis Haslem
73.1%
HitsHanley Ramirez
73.1%
HitsMiguel Cabrera
73.1%
Home RunsMiguel Cabrera
73.1%
Home RunsHanley Ramirez
73.1%
Wins (MLB)Dontrelle Willis
73.1%
WAR (Baseball-Reference)Hanley Ramirez
73.1%
WAR (Baseball-Reference)Miguel Cabrera
73.1%
WAR (Baseball-Reference)Dontrelle Willis
73.1%
Rushing YardsDaniel Thomas
69.2%
Rushing YardsJay Ajayi
69.2%
Approximate ValueJason Taylor
69.2%
Approximate ValueZach Thomas
69.2%
ReboundsAlonzo Mourning
69.2%
Win SharesGoran Dragic
69.2%
Wins (NHL)Tim Thomas
69.2%
Rushing YardsLamar Miller
65.4%
HitsDan Uggla
65.4%
Home RunsDan Uggla
65.4%
Wins (MLB)Josh Beckett
65.4%
WAR (Baseball-Reference)Dan Uggla
65.4%
Receiving YardsChris Chambers
61.5%
Approximate ValueChris Chambers
61.5%
Hint Answer % Correct
Points (NBA)Mario Chalmers
61.5%
Points (NBA)Eddie Jones
61.5%
ReboundsEddie Jones
61.5%
ReboundsMario Chalmers
61.5%
Assists (NBA)Mario Chalmers
61.5%
Assists (NBA)Eddie Jones
61.5%
Win SharesEddie Jones
61.5%
Win SharesMario Chalmers
61.5%
Wins (MLB)Josh Johnson
61.5%
WAR (Baseball-Reference)Josh Johnson
61.5%
WAR (Baseball-Reference)Christian Yelich
61.5%
Points (NBA)Shaquille O'Neal
57.7%
ReboundsHassan Whiteside
57.7%
ReboundsShaquille O'Neal
57.7%
Win SharesHassan Whiteside
57.7%
Win SharesShaquille O'Neal
57.7%
HitsChristian Yelich
57.7%
Home RunsMarcell Ozuna
57.7%
HitsMike Lowell
53.8%
Home RunsMike Lowell
53.8%
WAR (Baseball-Reference)Mike Lowell
53.8%
Wins (NHL)Roberto Luongo
53.8%
Point SharesRoberto Luongo
53.8%
Passing YardsCleo Lemon
50%
Rushing YardsLamar Smith
50%
WAR (Baseball-Reference)Jose Fernandez
50%
Receiving YardsBrian Hartline
46.2%
HitsLuis Castillo
46.2%
HitsJuan Pierre
46.2%
HitsMarcell Ozuna
46.2%
Wins (MLB)A.J. Burnett
46.2%
WAR (Baseball-Reference)Luis Castillo
46.2%
Passing YardsMatt Moore
42.3%
Passing YardsJoey Harrington
42.3%
Wins (NHL)Craig Anderson
42.3%
Receiving YardsDeVante Parker
38.5%
Approximate ValuePatrick Surtain
38.5%
Points (NBA)Goran Dragic
38.5%
Assists (NBA)Goran Dragic
38.5%
Wins (MLB)Anibal Sanchez
38.5%
GoalsOlli Jokinen
38.5%
Assists (NHL)Olli Jokinen
38.5%
Assists (NHL)Nick Bjugstad
38.5%
Point SharesOlli Jokinen
38.5%
Passing YardsA.J. Feeley
34.6%
Rushing YardsReggie Bush
34.6%
Receiving YardsRandy McMichael
34.6%
Approximate ValueSam Madison
34.6%
Assists (NBA)Norris Cole
34.6%
HitsAlex Gonzalez
34.6%
GoalsPavel Bure
34.6%
Passing YardsGus Frerotte
30.8%
Receiving YardsDavone Bess
30.8%
Receiving YardsBrandon Marshall
30.8%
Hint Answer % Correct
Receiving YardsAnthony Fasano
30.8%
Points (NBA)Brian Grant
30.8%
ReboundsBrian Grant
30.8%
Win SharesBrian Grant
30.8%
Home RunsPreston Wilson
30.8%
GoalsAleksander Barkov
30.8%
Assists (NHL)Aleksander Barkov
30.8%
Point SharesAleksander Barkov
30.8%
Passing YardsJay Cutler
26.9%
Rushing YardsSammy Morris
26.9%
Receiving YardsKenny Stills
26.9%
Points (NBA)Hassan Whiteside
26.9%
Assists (NBA)Anthony Carter
26.9%
Home RunsDerrek Lee
26.9%
Wins (MLB)Brad Penny
26.9%
Wins (MLB)Tom Koehler
26.9%
GoalsJonathan Huberdeau
26.9%
Assists (NHL)Jonathan Huberdeau
26.9%
Wins (NHL)Tomas Vokoun
26.9%
Wins (NHL)James Reimer
26.9%
Point SharesTomas Vokoun
26.9%
Point SharesJonathan Huberdeau
26.9%
Receiving YardsMarty Booker
23.1%
Home RunsJustin Bour
23.1%
Wins (MLB)Ricky Nolasco
23.1%
GoalsNick Bjugstad
23.1%
Assists (NHL)Jay Bouwmeester
23.1%
Wins (NHL)Al Montoya
23.1%
Point SharesJay Bouwmeester
23.1%
Wins (MLB)Ryan Dempster
19.2%
GoalsStephen Weiss
19.2%
GoalsNathan Horton
19.2%
GoalsVincent Trocheck
19.2%
Assists (NHL)Stephen Weiss
19.2%
Assists (NHL)Nathan Horton
19.2%
Wins (NHL)Scott Clemmensen
19.2%
Point SharesStephen Weiss
19.2%
Point SharesNathan Horton
19.2%
GoalsDavid Booth
15.4%
Wins (NHL)Jose Theodore
15.4%
Point SharesAaron Ekblad
15.4%
Rushing YardsTravis Minor
11.5%
Approximate ValueRandy Starks
11.5%
Home RunsCody Ross
11.5%
Assists (NHL)Vincent Trocheck
11.5%
Approximate ValueVernon Carey
7.7%
Assists (NHL)Brian Campbell
7.7%
Assists (NHL)Dmitry Kulikov
7.7%
Point SharesBrian Campbell
7.7%
GoalsKristian Huselius
3.8%
Wins (NHL)Ed Belfour
3.8%
Wins (NHL)Trevor Kidd
3.8%

You're not logged in!

Compare scores with friends on all Sporcle quizzes.
Join for Free
OR
Log In

You Might Also Like...

Show Comments

Extras

Top Quizzes Today


Score Distribution

Your Account Isn't Verified!

In order to create a playlist on Sporcle, you need to verify the email address you used during registration. Go to your Sporcle Settings to finish the process.

Report this User

Report this user for behavior that violates our Community Guidelines.

Details: